000 00410nam a22001697a 4500
003 MPLRDC
005 20220104123831.0
008 210129b ||||| |||| 00| 0 eng d
082 _a171.1 LY
100 _a礼苑
245 _a心理反斗城
_c
250 _a初版
260 _a
_b星辉图书有限公司
_c1993
300 _b
650 _a心理学研究方法--实验法
942 _cBK
_o171.1 LY
999 _c14570
_d14560